| 000 | 00909nam a2200277 a 4500 | ||
|---|---|---|---|
| 001 | 547 | ||
| 005 | 20230616094157.0 | ||
| 008 | 980203s1997 nyuab 000 0 eng | ||
| 020 | _a0590448862 | ||
| 040 |
_aDLC _cDLC _beng _dFISKH |
||
| 050 | 0 | 0 |
_aE180 _b.R67 1997 |
| 082 | 0 | 0 |
_a917.304/929 _221 |
| 100 | 1 | _aRoss, Wilma S. | |
| 245 | 1 | 0 |
_aFabulous facts about the 50 states / _cWilma S. Ross. |
| 246 | 3 | _aFabulous facts about the fifty states | |
| 250 | _a4th rev. ed. | ||
| 260 |
_aNew York : _bScholastic, _c1997. |
||
| 300 |
_a224 pages. : _billustrations, maps ; _c20 cm. |
||
| 505 | _aS | ||
| 520 | _aPresents facts and figures on all 50 states and the District of Columbia. Includes maps, state birds, trees, and flowers. | ||
| 521 |
_a790
_bLexile |
||
| 521 |
_aS _bRaz-Plus |
||
| 650 | 0 |
_aU.S. states _xMiscellanea. |
|
| 906 |
_a7 _bcbc _corignew _d2 _encip _f19 _gy-gencatlg |
||
| 942 |
_2ddc _cBK _n0 |
||
| 999 |
_c547 _d547 |
||